000 00835nam a22002297a 4500
003 UA-OsUOA
001 108468
007 ta
008 20141021b un ||||| |||| 00| 0 ukr d
100 _aГринчишин І.М.
700 _aВікнянська А.О.
090 _a330(477)
_bГ85
942 _cSA
040 _aUA-OsUOA
_bukr
_cUA-OsUOA
_dUA-OsUOA
245 _aОцінювання та напрями підвищення інформаційної відкритості Фонду соціального страхування з тимчасової втрати працездатності
300 _aС.124-132
955 _a0
041 _aukr
080 _a330(477)
773 0 _w108456
_tРегіональна економіка
_dЛьвів
_d2014
_g2
650 7 _a330 Економіка взагалі
_2UDC
999 _c394360
_d394360